Kultúrne, rodinné, školské a pracovné príčiny perfekcionizmu, ich vplyv na formovanie ľudského kapitálu

Problematika perfekcionizmu v dnešnej spoločnosti. Spoločensko-kultúrne tlaky perfekcionizmu na mladých ľudí môžeme vidieť v reklamách, časopisoch, televízii, vo filmoch, obchodoch či na internete. Rodinná príčina perfekcionizmu. Ďalšou príčinou vývoja nezdravého perfekcionizmu u mladých ľudí je ich...

Full description

Saved in:
Bibliographic Details
Main Author: Vongrej, Marián
Format: Book Chapter
Language:Slovak
Subjects:
Tags: Add Tag
No Tags, Be the first to tag this record!

MARC

LEADER 00000nla a2200000 4500
001 0164136
005 20240502072847.6
041 0 |a slo 
044 |a SK 
245 1 0 |a Kultúrne, rodinné, školské a pracovné príčiny perfekcionizmu, ich vplyv na formovanie ľudského kapitálu  |c Marián Vongrej 
520 |a Problematika perfekcionizmu v dnešnej spoločnosti. Spoločensko-kultúrne tlaky perfekcionizmu na mladých ľudí môžeme vidieť v reklamách, časopisoch, televízii, vo filmoch, obchodoch či na internete. Rodinná príčina perfekcionizmu. Ďalšou príčinou vývoja nezdravého perfekcionizmu u mladých ľudí je ich školské a neskôr pracovné prostredie, ktoré vytvára tlak na excelentný výkon, čo môže viesť k prirovnávaniu človeka ku stroju, čo má negatívny dopad na ľudskú fyzickú i duševnú stránku ľudskej osobnosti. 
610 2 0 |a kapitál ľudský 
610 2 0 |a psychológia 
610 2 0 |a schopnosti pracovné 
610 2 0 |a rodina 
610 2 0 |a mládež 
610 2 0 |a mladiství 
610 2 0 |a úspech pracovný 
100 1 |a Vongrej, Marián